| 000 | 01254cam a22002894a 4500 | ||
|---|---|---|---|
| 999 |
_c129903 _d129903 |
||
| 001 | 13700919 | ||
| 003 | ARRUPE | ||
| 005 | 20191008110038.0 | ||
| 008 | 040826s2004 nyua b 001 0 eng | ||
| 010 | _a 2004051348 | ||
| 020 | _a140006256X (acidfree paper) | ||
| 040 |
_aDLC _cDLC _dDLC |
||
| 042 | _apcc | ||
| 050 | 0 | 0 | _aGN281.G74 |
| 082 | 0 | 0 |
_a003/.857 _222 |
| 100 | 1 |
_aGribbin, John, _d1946- _95599 |
|
| 245 | 1 | 0 |
_aDeep simplicity : _bchaos, complexity and the emergence of life / _cJohn Gribbin. |
| 260 |
_aLondon : _bPenguin Books, _cc2005. |
||
| 300 |
_axii, 251 p. : _c21 cm. |
||
| 650 | 0 |
_aHuman solution _948309 |
|
| 856 | 4 | 2 |
_3Contributor biographical information _uhttp://www.loc.gov/catdir/enhancements/fy0618/2004051348-b.html |
| 856 | 4 | 2 |
_3Publisher description _uhttp://www.loc.gov/catdir/enhancements/fy0618/2004051348-d.html |
| 856 | 4 | 1 |
_3Sample text _uhttp://www.loc.gov/catdir/enhancements/fy0618/2004051348-s.html |
| 906 |
_a7 _bcbc _corignew _d1 _eocip _f20 _gy-gencatlg |
||
| 942 |
_2lcc _cMONOGRAPH |
||